000 00647nam a2200253Ia 4500
005 20260306153650.0
008 008 260114s9999 xx 000 0 eng d
020 _a9781780685236
037 _aEBOOK
040 _aCRL
040 _beng
040 _cCRL
041 _2eng
041 _aeng
084 _qCRL
100 _aKuzelewska/Kloza/Krasnicka/Strzyczkowsk
_91125982
245 0 _aEuropean Judicial Systems as a Challenge for Democracy 1st ed
260 _bIntersentia
260 _c2017
650 _aPolitical Science
856 _uhttps://doi.org/10.1017/9781780685236
942 _cEBOOK
999 _c1704374
_d1704374